LEADER 02830nam 2200553 450 001 9910823850403321 005 20230721034710.0 010 $a1-4725-8906-8 035 $a(CKB)3710000000105375 035 $a(EBL)1685664 035 $a(SSID)ssj0001196213 035 $a(PQKBManifestationID)12456547 035 $a(PQKBTitleCode)TC0001196213 035 $a(PQKBWorkID)11163538 035 $a(PQKB)10661228 035 $a(MiAaPQ)EBC1685664 035 $a(EXLCZ)993710000000105375 100 $a20140505h20072007 uy 0 101 0 $aeng 135 $aur|n|---||||| 181 $ctxt 182 $cc 183 $acr 200 10$aSobibor $ea history of a Nazi death camp /$fJules Schelvis ; edited and with a foreword by Bob Moore ; translated from the Dutch by Karin Dixon 210 1$aLondon ;$aNew York :$cBloomsbury Academic,$d2007. 210 4$dİ2007 215 $a1 online resource (327 p.) 300 $aIncludes index. 311 $a1-84520-418-2 327 $aCover; HalfTitle; Title; Copyright; Contents; List of Plates; List of Abbreviations; Author's Acknowledgements; Foreword; 1 Introduction; 2 Prelude to the 'Final Solution'; 3 Construction and Staffing; 4 The Trains; 5 Arrival and Selection; 6 The Arbeitsha?ftlinge; 7 The Gas Chambers; 8 Dorohucza and Lublin; 9 Escape Attempts; 10 The Revolt; 11 After the Revolt; 12 Transports, Deportees and Death Counts; The Netherlands; Czechoslovakia; France; The Soviet Union; Germany and Austria; General Government; 13 Sobibo?r Survivors; 14 The Perpetrators; Index 330 $aAuschwitz. Treblinka. The very names of these Nazi camps evoke unspeakable cruelty. Sobibo?r is less well known, and this book discloses the horrors perpetrated there.Established in German-occupied Poland, the camp at Sobibo?r began its dreadful killing operation in May 1942. By October 1943, approximately 167,000 people had been murdered there. Sobibo?r is not well documented and, were it not for an extraordinary revolt on 14 October 1943, we would know little about it. On that day, prisoners staged a remarkable uprising in which 300 men and women escaped. The author identifies only forty-seven 606 $aHolocaust, Jewish (1939-1945)$zNetherlands$vPersonal narratives 606 $aWorld War, 1939-1945$xJewish resistance$zPoland$zSobibo?r 606 $aJews$zNetherlands$vBiography 615 0$aHolocaust, Jewish (1939-1945) 615 0$aWorld War, 1939-1945$xJewish resistance 615 0$aJews 676 $a940.53/18092 676 $a940.5318092 700 $aSchelvis$b Jules$01690765 702 $aMoore$b Bob$f1954- 702 $aDixon$b Karin 801 0$bMiAaPQ 801 1$bMiAaPQ 801 2$bMiAaPQ 906 $aBOOK 912 $a9910823850403321 996 $aSobibor$94066663 997 $aUNINA LEADER 00930nas 2200289z 450 001 9910648592503321 005 20240405165941.0 035 $a(WsH)abasfml 035 $a(CKB)4920000002138800 035 $a(EXLCZ)994920000002138800 100 $a19890911b19591964 uy 101 0 $aeng 135 $auunuu|||uuuuu 181 $ctxt$2rdacontent 182 $cc$2rdamedia 183 $acr$2rdacarrier 200 00$aAmerican Bar Association. Section of Family Law. Summary of Proceedings 210 1$aChicago :$cAmerican Bar Center,$d1959-1964. 215 $a1 online resource (5 volumes) $cillustrations 517 0 $aSummary of proceedings :$eSection of Family Law. 606 $aDomestic relations$vPeriodicals 615 0$aDomestic relations 801 2$bCaNSHD 906 $aJOURNAL 912 $a9910648592503321 996 $aAmerican Bar Association. Section of Family Law. Summary of Proceedings$93028171 997 $aUNINA